Art and life in renaissance venice / (Record no. 1474)

MARC details
000 -LEADER
fixed length control field 01199nac a22003251i 4500
003 - CONTROL NUMBER IDENTIFIER
control field EG-ScBUE
005 - DATE AND TIME OF LATEST TRANSACTION
control field 20240404104127.0
008 - FIXED-LENGTH DATA ELEMENTS--GENERAL INFORMATION
fixed length control field 240404t1997 n a f b 001 0 eng d
020 ## - INTERNATIONAL STANDARD BOOK NUMBER
International Standard Book Number 9780131344020
020 ## - INTERNATIONAL STANDARD BOOK NUMBER
International Standard Book Number 0131344021
040 ## - CATALOGING SOURCE
Original cataloging agency EG-ScBUE
Language of cataloging eng
Description conventions rda
Transcribing agency EG-ScBUE
Modifying agency EG-ScBUE
082 04 - DEWEY DECIMAL CLASSIFICATION NUMBER
Classification number 945.3105
Item number BRO
Edition number 22
100 1# - MAIN ENTRY--PERSONAL NAME
Personal name Brown, Patricia Fortin,
Relator term author.
245 10 - TITLE STATEMENT
Title Art and life in renaissance venice /
Statement of responsibility, etc Patricia Fortini Brown.
264 #1 - PUBLICATION, DISTRIBUTION, ETC. (IMPRINT)
Place of publication, distribution, etc New York :
Name of publisher, distributor, etc Prentice Hall :
-- H.N. Abrams,
Date of publication, distribution, etc [1997]
264 #4 - PUBLICATION, DISTRIBUTION, ETC. (IMPRINT)
Date of publication, distribution, etc c1997
300 ## - PHYSICAL DESCRIPTION
Extent 176 pages :
Other physical details color illustrations ;
Dimensions 24 cm.
336 ## - CONTENT TYPE
Source rdacontent
Content type term text
Content type code txt
337 ## - MEDIA TYPE
Media type term unmediated
Source rdamedia
Media type code n
338 ## - CARRIER TYPE
Carrier type term volume
Carrier type code nc
Source rdacarrier
490 0# - SERIES STATEMENT
Series statement Perspectives
500 ## - GENERAL NOTE
General note Simultaneously published: The Renaissance in Venice. London : Weidenfeld & Nicolson, 1997.
504 ## - BIBLIOGRAPHY, ETC. NOTE
Bibliography, etc Includes bibliographical references and index.
650 #7 - SUBJECT ADDED ENTRY--TOPICAL TERM
Topical term or geographic name as entry element Art, Italian
Geographic subdivision Italy
-- Venice.
Source of heading or term BUEsh
650 #7 - SUBJECT ADDED ENTRY--TOPICAL TERM
Topical term or geographic name as entry element Art, Renaissance
Geographic subdivision Italy
-- Venice.
Source of heading or term BUEsh
650 #7 - SUBJECT ADDED ENTRY--TOPICAL TERM
Topical term or geographic name as entry element Art patronage
Geographic subdivision Italy
-- Venice
General subdivision History
Chronological subdivision 16th century.
Source of heading or term BUEsh
651 #7 - SUBJECT ADDED ENTRY--GEOGRAPHIC NAME
Geographic name Venice (Italy)
General subdivision Social life and customs.
Source of heading or term BUEsh
655 ## - INDEX TERM--GENRE/FORM
Form subdivision Reading book
942 ## - ADDED ENTRY ELEMENTS (KOHA)
Koha item type Book - Borrowing
Source of classification or shelving scheme Dewey Decimal Classification
Holdings
Withdrawn status Lost status Source of classification or shelving scheme Damaged status Not for loan Collection code Home library Current library Shelving location Date acquired Source of acquisition Cost, normal purchase price Total Checkouts Total Renewals Full call number Barcode Date last seen Date checked out Cost, replacement price Price effective from Koha item type
    Dewey Decimal Classification       Central Library Central Library Second Floor 06/09/2012   240.00 3 6 945.3105 BRO 000002919 15/07/2025 16/11/2023 300.00 12/09/2006 Book - Borrowing